000 00528nam a2200193 4500
003 OSt
005 20160413190941.0
008 160413b xxu||||| |||| 00| 0 eng d
020 _a023108568
040 _c040a
082 _a327.028
_bWAL 1954
100 _aWaltz, Kenneth N.
_97864
245 _aMan the state and war:
_ba theoretical analysis /
_cKenneth N. Waltz
260 _aNew York
_bColumbia Unviersity press
_c1954
300 _av, 263p;
_c8 cm
504 _aIncludes index
650 _aWar
_97865
942 _2ddc
_cSLOAN
999 _c3523
_d3523